Sheffield United Squad 2023-2024 - Statistics

General Stats
  • This quiz has been taken 163 times
    94 since last reset
  • The average score is 16 of 35
Answer Stats
# Position Nation Player % Correct
18 GK England Wes Foderingham
80%
11 FW Chile Ben Brereton Díaz
78%
15 DF Bosnia and Herzegovina Anel Ahmedhodžić
74%
9 FW Scotland Oli McBurnie
72%
- Coach England Chris Wilder
63%
2 MF Greece George Baldock
63%
13 GK Croatia Ivo Grbić
61%
8 MF Netherlands Gustavo Hamer
59%
33 DF Wales Rhys Norrington-Davies
59%
1 GK Wales Adam Davies
57%
22 MF England Tom Davies
57%
21 MF Brazil Vini Souza
57%
10 FW England Cameron Archer
56%
16 MF Northern Ireland Oliver Norwood
56%
- Coach England Paul Heckingbottom
54%
5 DF United States Auston Trusty
52%
12 DF Ireland John Egan
50%
25 MF Tunisia Anis Slimane
46%
20 DF England Jayden Bogle
46%
32 FW Denmark William Osula
46%
11 FW Ivory Coast Bénie Traoré
43%
19 DF England Jack Robinson
43%
4 MF Scotland John Fleck
43%
7 FW England Rhian Brewster
39%
6 DF England Chris Basham
37%
30 DF England Mason Holgate
33%
27 DF France Yasser Larouci
33%
3 DF England Max Lowe
30%
23 MF England Ben Osborn
28%
36 FW Canada Daniel Jebbison
26%
28 MF England James McAtee
24%
14 DF England Luke Thomas
24%
17 MF Mali Ismaila Coulibaly
22%
37 GK Ghana Jordan Amissah
17%
38 DF England Femi Seriki
6%
No matching quizzes found
Score Distribution
Percent of People with Each Score
Percentile by Number Answered
Your Score History
You have not taken this quiz since the last reset